000 00385pam a2200157a 44500
008 230515b1984 xxu||||| |||| 00| 0 eng d
020 _aNULL
041 _aENG
082 _a618.1
100 _aWilson clyne D G
245 _aA concise text book for Midwives
250 _a0
260 _aNULL
_b"British library cataloguing in pub, nd, "
_c1984
300 _a508
650 _aN.D.
999 _c520728
_d520728